Hrad Pernštejn na starých pohlednicích
| Titel: | Hrad Pernštejn na starých pohlednicích / Vladimír Cisár ; Karel Černý. [Fotografie] Milan Šustr |
|---|---|
| Beteiligt: | ; |
| Veröffentlicht: | Žďár nad Sázavou : Nakl. Tváře [u.a.], 2012 |
| Umfang: | 117 S. : überw. Ill., Kt. |
| Format: | Buch |
| Sprache: | Tschechisch |
| Schriftenreihe/ mehrbändiges Werk: |
Hrady, zámky a města na starých pohlednicích ; 2 |
| ISBN: | 9788090497047 ; 9788087348079 ; 8090497047 ; 8087348079 |
| Lokale Klassifikation: | 23 8 P 146 ; 23 9 D ; 23 9 G |
|---|
alg: 30397193
001A $03004:03-07-12
001B $01999:09-06-23 $t20:02:49.000
001C $03004:22-02-13 $t14:02:42.000
001D $03004:22-02-13
001U $0utf8
001X $00
002@ $0Aau
003@ $0303971932
004A $A978-80-904970-4-7
004A $A978-80-87348-07-9
004A $080-904970-4-7
004A $080-87348-07-9
007A $0303971932 $aHEB
007T $0Herdhh303971932
010@ $acze
011@ $a2012
021A $aHrad Pernštejn na starých pohlednicích $hVladimír Cisár ; Karel Černý. [Fotografie] Milan Šustr
028C $7 $8Cisár, Vladimír [Tnd] $9273271520
028C/01 $7 $8Šustr, Milan [Tnd] $9301659788
033A $pŽďár nad Sázavou $nNakl. Tváře {[u.a.]
034D $a117 S.
034M $aüberw. Ill., Kt.
036E $aHrady, zámky a města na starých pohlednicích $l2
036F $x12 $8Hrady, zámky a města na starých pohlednicích $9316363189 $l2
044K $RNedvědice $#Pernštejn $#Pernštejn Nedvědice $77751236-4 $8Pernstein [Tg1] $9267946317
045F $a709.4371 $eDDC23BSB
045F/01 $a709
045F/03 $g4371
lok: 30397193 24
101B $022-02-13 $t14:02:42.000
101C $022-02-13
101U $0utf8
145Z/01 $a23 8 P 146
145Z/02 $a23 9 D
145Z/03 $a23 9 G
exp: 30397193 24 1 #EPN
201B/01 $022-02-13 $t14:02:42.000
201C/01 $003-07-12
201U/01 $0utf8
203@/01 $0645148237
208@/01 $a22-02-13 $bz
209A/01 $a12.04954 $du $f050 $h12 04954 $x00
209C/01 $a12.04954 K $h12 04954 K
209G/01 $a73033365 $x00
220C/01 $akon
247C/01 $8358050-7 Marburg, Bibliothek des Herder-Instituts Marburg $9102600961
lok: 30397193 78
exp: 30397193 78 1 #EPN
201B/01 $001-07-21 $t11:29:04.000
201U/01 $0utf8
203@/01 $0793905664
208@/01 $a12-11-16 $be
209A/01 $a/ $f000 $x00
209A/01 $ab*p $x01
244Z/01 $#Böhmische Kronländer $#Länder der Böhmischen Krone $#Sudetenland $#Böhmen $#Mähren $#Mährisch-Schlesien $#Österreichisch-Schlesien $#Tschechische Sozialistische Republik Böhmische Länder $#Tschechei Böhmische Länder $#Země koruny české $74069573-6 $8--Tg1--Böhmische Länder $x01 $9085195553
247C/01 $82080>Marburg/Lahn, Herder-Institut, Forschungsbibliothek, Bibliographieportal $9336309341
| LEADER | 00000cam a2200000 c 4500 | ||
|---|---|---|---|
| 001 | 303971932 | ||
| 003 | DE-603 | ||
| 005 | 20230609200249.0 | ||
| 007 | tu | ||
| 008 | 120703s2012 xx |||| | u00||u|cze c | ||
| 020 | |a 9788090497047 | ||
| 020 | |a 9788087348079 | ||
| 020 | |a 8090497047 | ||
| 020 | |a 8087348079 | ||
| 035 | |a (DE-599)HEB303971932 | ||
| 040 | |a DE-603 |b ger |c DE-603 |d DE-603 | ||
| 041 | |a cze | ||
| 082 | 0 | 4 | |8 1\u |a 709.4371 |q DE-101 |2 23/BSB |
| 085 | |8 1\u |b 709 | ||
| 085 | |8 1\u |z 2 |s 4371 | ||
| 245 | 0 | 0 | |a Hrad Pernštejn na starých pohlednicích |c Vladimír Cisár ; Karel Černý. [Fotografie] Milan Šustr |
| 264 | 1 | |a Žďár nad Sázavou |b Nakl. Tváře [u.a.] |c 2012 | |
| 300 | |a 117 S. |b überw. Ill., Kt. | ||
| 490 | 1 | |a Hrady, zámky a města na starých pohlednicích |v 2 | |
| 651 | 7 | |a Pernstein |0 (DE-588)7751236-4 |0 (DE-603)267946317 |2 gnd | |
| 700 | 1 | |a Cisár, Vladimír |0 (DE-603)273271520 | |
| 700 | 1 | |a Šustr, Milan |0 (DE-603)301659788 | |
| 830 | 0 | |t Hrady, zámky a města na starých pohlednicích |v 2 |w (DE-603)316363189 |w (DE-600)2701887-8 |9 12 |7 as | |
| 924 | 0 | |9 Mb 50 |a (DE-603)645148237 |b DE-Mb50 |c HES |d c |g 12.04954 | |
| 924 | 0 | |9 2080 |a (DE-603)793905664 |b DE-2080 |c HES |d d |g / | |


